| 000 | 00645nam a2200205Ia 4500 | ||
|---|---|---|---|
| 003 | GCL | ||
| 008 | 140319s9999 xx 000 0 ara d | ||
| 040 |
_aGCL / _cGCL |
||
| 082 | 0 | 4 |
_a327.172 _bف م |
| 100 | 1 | _aفؤاد صروف | |
| 245 | 1 | 0 |
_aمذبح المريخ (هدية من الاديب عبدالفتاح الجمل) / _cفؤاد صروف |
| 300 | _a150 ص | ||
| 490 |
_aاقرأ _v0 |
||
| 650 | 0 | 4 | _aالسياسة الدولية |
| 650 | 0 | 4 | _aالسياسة |
| 650 | 0 | 4 | _aالحرب والسلام |
| 650 | 0 | 4 | _aالسلام العالمى |
| 650 | 0 | 4 | _aالحرب العالمية الثانية 1939 - 1945 |
| 942 |
_2ddc _cBK |
||
| 999 |
_c47049 _d47049 |
||